| 000 | 00728nam a2200217Ia 4500 | ||
|---|---|---|---|
| 999 |
_c65193 _d65193 |
||
| 005 | 20240530110812.0 | ||
| 008 | 140319s2010 jo a b 000 0 ara d | ||
| 017 |
_a2008/1/69 _bعمان . دائرة المكتبة الوطنية |
||
| 020 | _a9789957710222 | ||
| 040 |
_aGCL / _cGCL |
||
| 082 | 0 | 4 |
_221 _a793.73 / _bم م |
| 100 | 0 | _aمحمود محمد محمود حامد | |
| 245 | 1 | 0 |
_aموسوعة عجائب الالغاز / _cمحمود محمد محمود حامد |
| 250 | _aط.1 | ||
| 260 |
_aعمان : _bدار دجلة، _c2008 . |
||
| 300 |
_a229 ص. : _bايض. ؛ _c24 سم. |
||
| 650 | 0 | 7 |
_aالالغاز _2qrmak |
| 651 | _2qrmak | ||
| 942 |
_2ddc _cBK |
||